Luyện đường non và trợ tinh

Guardat en:
Dades bibliogràfiques
Format: Llibre
Idioma:Undetermined
Publicat: Nông Nghiệp 1996
Matèries:
Etiquetes: Afegir etiqueta
Sense etiquetes, Sigues el primer a etiquetar aquest registre!
Thư viện lưu trữ: Trung tâm Học liệu Trường Đại học Cần Thơ
LEADER 00564nam a2200181Ia 4500
001 CTU_55436
008 210402s9999 xx 000 0 und d
020 |b 40000 
082 |a 664.122 
082 |b L527 
245 0 |a Luyện đường non và trợ tinh 
245 0 |c Bùi Lê Thiện ... [et al.] biên dịch 
260 |b Nông Nghiệp 
260 |c 1996 
650 |a sugarcane industry,sugar,molasses industry 
650 |x manufacture and refining,by-products 
904 |i Minh 
980 |a Trung tâm Học liệu Trường Đại học Cần Thơ